MDQL
is popping MORE tags! Check the
thread
!
Quizzes
Events
Quiz Creation
Community
Videos
Private Events
Remove Ads
Sign In
Join for FREE
Feedback
Dark Mode
Quiz Categories
Sports
Geography
Music
Movies
Television
Just For Fun
Miscellaneous
History
Literature
Language
Science
Gaming
Entertainment
Religion
Holiday
For Kids
Quiz Lab
Recent
Popular Today
Quiz Kudos Today
Editor Picks
Curator Picks
Quizzes by...
Day
Popularity
Type
Ratings
Length
Year
Community
Subscriptions
Recent Discussions
Orange Saloon
Badges
Playlists
Quests
Create
Leaderboards
Showdown
Live 5
Trivia Bingo
Activity
Puzzle Library
Sporcle Events
Private Events
Virtual Trivia
Globe League
Become a Host
Pub Owners
SporcleCon
Opinionation
Our Games
Videos
Blog
Mobile Apps
Partnerships
Remove Ads and Go Orange
Feedback
Movies
Disney
Marvel Cinematic Universe
Movie Resume
Movie Titles
Oscar
Actor
Actress
Director
Pixar
Role
Movie Quotes
Movie Characters
Box Office
Nominee
Best Picture
Star Wars
James Bond
Horror Movies
Movies
Disney
Marvel Cinematic Universe
Movie Resume
Movie Titles
Oscar
Actor
Actress
Director
Pixar
Role
Movie Quotes
Movie Characters
Box Office
Nominee
Best Picture
Star Wars
James Bond
Horror Movies
Random Quiz
Search Sporcle
×
Quiz Lab
Quiz Lab
Movies
Kate Beckinsale
Type in answers that appear in a list
Type in answers that appear in a list
Classic
Best Score? Go Orange.
Name Kate Beckinsale's movies Stats
Can you name the Name all of Kate Beckinsale's movies?
By
alex18
20m
30 Questions
57 Plays
57 Plays
57 Plays
Comments
Comments
Give Quiz Kudos
Give Quiz Kudos
-
- Ratings
hide this ad
Replay
Link that replays current quiz
Next Quiz
Link to next quiz in quiz playlist
You Got
0%
They Got
Avg Score
25%
Avg Friend Score
Upgrade to see
Score Distribution
Jump to the score distribution portion of the page
Score
0/30
Timer
20:00
0
Plays Today
Kate Beckinsale movies
% Correct
2003 Selene
Underworld
87.7%
2001 Nurse Lt. Evelyn Johnson
Pearl Harbor
61.4%
2006 Donna Newman
Click
61.4%
50.9%
2004 Anna Valerious
Van Helsing
49.1%
2004 Ava Gardner
The Aviator
45.6%
2001 Sara Thomas
Serendipity
43.9%
2009 Carrie Stetko
Whiteout
42.1%
1993 Hero
Much Ado About Nothing
36.8%
1995 Flora Poste
Cold Comfort Farm
26.3%
2007 Amy Fox
Vacancy
26.3%
1996 Emma Woodhouse
Emma
21.1%
2007 Annie Marchand
Snow Angels
19.3%
2008 Rachel Armstrong
Nothing But the Truth
19.3%
2009 Amy
Everybody's Fine
19.3%
Kate Beckinsale movies
% Correct
1998 Charlotte Pingress
The Last Days of Disco
17.5%
1995 Christina Mariell
Haunted
15.8%
1999 Darlene Davis
Brokedown Palace
15.8%
2002 Alex Elliot
Laurel Canyon
14%
2003 Carol
Tiptoes
12.3%
1991 Barbe Lindell
One Against the Wind
10.5%
1998 Alice
Alice Through the Looking Glass
10.5%
1998 Georgie
Shooting Fish
8.8%
2001 Maggie Verver
The Golden Bowl
8.8%
2006 Selene
Underworld Evolution 2
8.8%
1994 Julia
Uncovered
5.3%
2009 Selene
Underworld Rise of the Lycans 3
5.3%
1994 Ethel
Prince of Jutland
3.5%
2010 Alicia Baker
One Last Wish
3.5%
2008 Carla Davenport
Fragments (aka Winged Creatures)
1.8%
Quiz Playlist
Details
Report
Send in Message
Add To Playlist
Classic:
Type in answers that appear in a list
Last Updated: Feb 16, 2017
Quiz Scoreboard
CHALLENGE
Sign Up to Join the Scoreboard
Show All
Scores
Hide
Comments
May contain spoilers
Recently Published
1-10 Letter E Words III
by El_Dandy
Language
2m
Street Fighter Characters
by Artimus82
Gaming
60s
College Basketball Coaching Resumes
by pancakes188
Sports
9m
More to Explore
Quiz From the Vault
Featured Blog Post
Where Did the Easter Bunny Come From?
hide this ad
You Might Also Like...
Tags
beckinsale
kate
Kate Beckinsale
Today's Top Quizzes in Movies
Browse Movies
hide this ad
Today's Top Quizzes in Kate Beckinsale
Browse Kate Beckinsale
Top Contributed Quizzes in Movies
1
Pick 5 Posters: Directed by Spielberg
2
7-to-1: Pixar Characters
3
Hidden Star Wars Character II
4
Hidden Star Wars Character III
5
Pick 5 Posters: Lowest-Rated Spielberg
6
Sorting Actresses
7
Sorting Actors
8
Hidden Star Wars Character IV
9
Hidden Star Wars Character V
10
Pick 5 Posters: Directed by Scorsese
Explore More
Trending Topics
Marvel
Harry Potter
Crossword
NBA
Anime
Kpop
Disney
Pokémon
Country
NFL
Puzzle
The Office
Soccer
Song
WWE
hide this ad
More By:
alex18
Quiz
Plays
Rating
Category
Featured
Created
Name Kate Beckinsale's movies
57
2.33
Movies
Apr 8, 2010
Go to Creator's Profile
Score Distribution
Quiz Creator Spotlight
alex18
Follow
Send a Message
Quizzes Created
-
Created Quiz Play Count
-
More By This Creator
Popular Quizzes Today
1
Find the US States - No Outlines Minefield
2
Find the Countries of Europe - No Outlines Minefield
3
The Countries of the World
4
Find the US States
5
Risky Map Clicking: Biggest States A-Z
6
US States
7
Popular People in 1961
8
Movies - When Are They Set?
More Movies Quizzes
The '10-to-1 Movies: All-Star Casts 7' Quiz!
Quiz Lab
Trending Quizzes
Risky Map Clicking: Least Populous States A-Z
1-10 Letter G Words
1-10 Letter F Words
Countries of the World: 200 Million BC
Risky Map Clicking: Next State Alphabetically
Recently Updated
Beyoncé Albums
pecheneg
Leaping Animals
pecheneg
Reality TV Shows (A-Z)
bhenderson79
Rickey Henderson's Hall of Fame Teammates
pecheneg
Champions League XIs: Arsenal
pecheneg
Quick Pick: Celebrities in WWE's Hall of Fame
aduchscher
A-Z Keypad Blitz II
pecheneg
Multiple Oscar Actors
pecheneg
Mystery Phrase Blitz: Oscar 'Best Actors'
pecheneg
F. Scott Fitzgerald Novels
LTH
Trending Topics
Disney
NBA
Crossword
Anime
Harry Potter
Kpop
Marvel
Soccer
Country
WWE
Pokémon
NFL
Song
Puzzle
The Office
Your Account Isn't Verified!
In order to create a playlist on Sporcle, you need to verify the email address you used during registration. Go to your
Sporcle Settings
to finish the process.
Report this User
Report this user for behavior that violates our
Community Guidelines
.
Details:
Send Report
Go to the Sporcle.com Mobile Site →
Comments